Guess the One Direction song with no hints #30 - Statistics

General Stats
  • This quiz has been taken 91 times
  • The average score is 251 of 376
Answer Stats
Answer % Correct
I
100%
you
100%
the
92%
me
88%
to
88%
we
88%
don't
86%
don't,
86%
love
86%
on
86%
it
85%
And
84%
and
84%
(And
84%
Oh-oh-oh-oh
84%
no
82%
No,
82%
no,
82%
(No,
82%
know
80%
my
80%
go
78%
go,
78%
is
78%
you're
78%
You're
78%
like
74%
want
74%
that
73%
That
73%
we're
73%
Yeah,
73%
ever
72%
for
72%
of
72%
will
69%
all
64%
never,
64%
never
64%
are
62%
But
61%
say
61%
see
57%
Here
55%
(Here
55%
down
54%
gonna
54%
If
54%
things
54%
again
53%
again)
53%
up
53%
up)
53%
should
51%
wish
47%
back
46%
end?
46%
friends
46%
keep
43%
Another
42%
left
42%
said
42%
try
42%
(Clouds)
41%
clouds
41%
stop
41%
stop)
41%
air
39%
always,
39%
always
39%
comin'
38%
simple
38%
simple,
38%
Well,
38%
breathe
36%
complicated
36%
lookin'
35%
Someday,
35%
someday,
35%
woah
32%
changes
28%
changing,
28%
go-round
27%
non-stop,
27%
tired
26%
grow
16%
No matching quizzes found
Score Distribution
Percent of People with Each Score
Percentile by Number Answered
Your Score History
You have not taken this quiz